Bases matemáticas del sistema de crédito mutuo (Registro nro. 17492)
[ vista simple ]
| 000 -LEADER | |
|---|---|
| fixed length control field | 00342 a2200109 4500 |
| 001 - CONTROL NUMBER | |
| control field | ART_2538 |
| 005 - DATE AND TIME OF LATEST TRANSACTION | |
| control field | 20260410161727.0 |
| 008 - FIXED-LENGTH DATA ELEMENTS--GENERAL INFORMATION | |
| fixed length control field | 260409a |
| 100 1# - MAIN ENTRY--PERSONAL NAME | |
| Personal name | Raimondi, Carlos A. |
| 245 10 - TITLE STATEMENT | |
| Title | Bases matemáticas del sistema de crédito mutuo |
| 773 0# - HOST ITEM ENTRY | |
| Title | Administración de empresas |
| Related parts | - Año 4, Nº 41 (ago. 1973) |
| Record control number | REV2036 |
No hay ítems disponibles.